Random UFC Events - Statistics

General Stats
  • This quiz has been taken 32 times
    30 since last reset
  • The average score is 12 of 15
Answer Stats
Fighters Card(example:UFC 308) % Correct
Khabib vs Conor 229
96%
Ferguson vs Pettis 229
96%
Volkanovski vs Topuria 298
96%
Islam vs Poirier 302
96%
Belal vs Edwards(Title match) 304
96%
Alex Pereira vs Ankalaev 313
96%
Jose Aldo vs Conor 194
87%
Khamzat vs Usman 294
83%
Charles Oliveira vs Chandler 1 262
78%
Justin Gaethje vs Fiziev 1 286
78%
Jon Jones vs DC 1 182
61%
DJ vs Cejudo 2 227
61%
Stipe Miocic vs Ngannou 260
61%
Anderson Silva vs Adesanya 234
57%
GSP vs Nick Diaz 158
43%
No matching quizzes found
Score Distribution
Percent of People with Each Score
Percentile by Number Answered
Your Score History
You have not taken this quiz since the last reset